000 00328 a2200157 4500
001 150049
020 _a8530504631
040 _cEscola São Tomás de Aquino
100 _aCUNHA, Leo
240 1 0 _aLápis encantado
_lpor
245 1 0 _aLápis encantado
300 _a29
362 0 _a2006
697 _aPoesia
942 _cBK
999 _c150049
_d150049